01754nam a2200337 4500001000400000003000400004005001700008008004100025020001800066040000800084041000800092082001700100100003200117245010600149250001000255260003100265300001600296520056500312650003100877650002400908650001700932650003400949655001600983655002000999700003401019830002701053942001501080952015401095952015401249999001301403443OSt20250701085140.0250701b |||||||g |||| 00| j eng d a9788516045418 bpor apor a028.5bB214a1 aBandeira, Pedrod1942-9977 aAnjo da Morte :bMais uma aventura com os Karas! /cBandeira, Pedro ; Ilustrações de Hector Gomes a4 ed. aSão PaulobModernac2013 a190 p.bil. aOs Karas lutam contra o renascimento do nazismo. Os Karas, os cinco adolescentes de "A Droga da Obediência", envolvem-se na investigação do assassinato de um grande ator de teatro. Mal sabiam eles que teriam de enfrentar o Anjo da Morte, um ex-oficial nazista culpado do massacre de milhares de pessoas em um campo de concentração durante a Segunda Guerra Mundial. Mais uma história de grande suspense de Pedro Bandeira, que surpreenderá qualquer leitor. Esse é mais um trabalho para os Karas: o avesso dos coroas, o contrário dos caretas!  0aLiteratura Brasileira9205 0aInfantojuvenil9200 0aAventura947 0aCrime e Investigação 913 0aRomance923 0aFicção 922 aHector GomeseILUSTRADOR9978 aOs Karas9979vvol. 03 2ddcn0cBK 00102ddc3vol. 340708FICaBIBIBbBIBIBcIJd2025-07-01edoaçãol0oIJ 028.5 / B214ap2025-17374r2025-07-01 08:45:58tLivro 1w2025-07-01yBK 00102ddc3vol. 340708FICaBIBIBbBIBIBcIJd2025-07-03edoaçãol0oIJ 028.5 / B214ap2025-17389r2025-07-03 15:05:24tLivro 2w2025-07-03yBK c443d443